[Event "Charlotte CCCSA Summer IM-C"]
[Site "Charlotte"]
[Date "2021.07.31"]
[Round "7"]
[White "Banawa, Jouaquin"]
[Black "Jones, Craig W"]
[Result "1-0"]
[WhiteElo "2197"]
[BlackElo "2106"]
[PlyCount "54"]
[EventDate "2021.07.28"]
[EventType "tourn"]
[EventRounds "9"]
[EventCountry "USA"]
[SourceTitle "CBM 203 Extra"]
[Source "ChessBase"]
[SourceDate "2021.09.30"]
[SourceVersion "1"]
[SourceVersionDate "2021.09.30"]
[SourceQuality "1"]

1. d4 Nf6 2. c4 e6 3. g3 Bb4+ 4. Bd2 Qe7 5. Nf3 Nc6 6. Nc3 e5 7. dxe5 Nxe5 8. Nxe5 Qxe5 9. Bg2 a5 10. 0-0 d6 11. a3 Bc5 12. b4 Bb6 13. Na4 Ba7 14. bxa5 h5 15. c5 h4 16. Bf4 Qh5 17. cxd6 cxd6 18. Nb6 Qxa5 19. Nxa8 Ng4 20. Qxd6 hxg3 21. Nc7+ Qxc7 22. Qxc7 gxf2+ 23. Kh1 0-0 24. Bxb7 Be6 25. Bf3 Bb8 26. Qxb8 Rxb8 27. Bxb8 Bc8 1-0

[Event "Charlotte CCCSA Summer IM-C"]
[Site "Charlotte"]
[Date "2021.07.30"]
[Round "5"]
[White "Banawa, Jouaquin"]
[Black "Turgut, Aydin"]
[Result "0-1"]
[WhiteElo "2197"]
[BlackElo "2275"]
[PlyCount "86"]
[EventDate "2021.07.28"]
[EventType "tourn"]
[EventRounds "9"]
[EventCountry "USA"]
[SourceTitle "CBM 203 Extra"]
[Source "ChessBase"]
[SourceDate "2021.09.30"]
[SourceVersion "1"]
[SourceVersionDate "2021.09.30"]
[SourceQuality "1"]

1. d4 d5 2. c4 e6 3. Nf3 Nf6 4. g3 Bb4+ 5. Bd2 Be7 6. Bg2 0-0 7. 0-0 c6 8. Qc2 Nbd7 9. Rd1 b6 10. b3 Ba6 11. Bf4 Rc8 12. Nbd2 c5 13. dxc5 Bxc5 14. Qb2 Qe7 15. Bg5 Ba3 16. Qd4 h6 17. Bxf6 Nxf6 18. cxd5 Nxd5 19. Nc4 Bc5 20. Qb2 b5 21. e4 bxc4 22. exd5 exd5 23. Rxd5 c3 24. Qc2 Rfd8 25. Rxd8+ Qxd8 26. Bf1 Bb7 27. Rd1 Qf6 28. Ne1 Re8 29. Bg2 Bc8 30. Nd3 Bf5 31. Bf1 h5 32. h4 a5 33. Be2 g6 34. Kg2 Bxf2 35. Bxh5 Be4+ 36. Kh3 Bxd3 37. Rxd3 gxh5 38. Rxc3 Bd4 39. Rc4 Re1 40. Kh2 Rh1+ 41. Kxh1 Qf1+ 42. Kh2 Bg1+ 43. Kh1 Bf2+ 0-1

[Event "Charlotte CCCSA Summer IM-C"]
[Site "Charlotte"]
[Date "2021.07.29"]
[Round "3"]
[White "Banawa, Jouaquin"]
[Black "Matta, Nicholas F"]
[Result "1-0"]
[WhiteElo "2197"]
[BlackElo "2231"]
[PlyCount "91"]
[EventDate "2021.07.28"]
[EventType "tourn"]
[EventRounds "9"]
[EventCountry "USA"]
[SourceTitle "CBM 203 Extra"]
[Source "ChessBase"]
[SourceDate "2021.09.30"]
[SourceVersion "1"]
[SourceVersionDate "2021.09.30"]
[SourceQuality "1"]

1. d4 Nf6 2. c4 e6 3. g3 d5 4. Nf3 dxc4 5. Bg2 c6 6. Ne5 Bb4+ 7. Nc3 Nd5 8. Bd2 b5 9. a4 Bb7 10. axb5 Bxc3 11. bxc3 cxb5 12. e4 Nf6 13. Qe2 Nbd7 14. f4 0-0 15. Rb1 a6 16. 0-0 Qc7 17. g4 Ne8 18. g5 f5 19. Nxc4 fxe4 20. Bxe4 Qxc4 21. Qxc4 bxc4 22. Bxb7 Rb8 23. f5 Nd6 24. Bxa6 Rxb1 25. Rxb1 Rxf5 26. Rb4 Ne4 27. Bxc4 Kf7 28. Be1 Rxg5+ 29. Kf1 Rf5+ 30. Ke2 Nd6 31. Bd3 Rh5 32. Bg3 Ke7 33. Ra4 Nf5 34. Bc7 Nd6 35. Ra6 Nb5 36. Ba5 Rxh2+ 37. Ke3 Rh3+ 38. Kd2 Rh2+ 39. Kc1 Rh5 40. Bb4+ Kf7 41. Bc4 Nf8 42. Ra5 Rh1+ 43. Kb2 Rh2+ 44. Kb3 Nxd4+ 45. cxd4 Ng6 46. Rf5+ 1-0

[Event "Las Vegas National op"]
[Site "Las Vegas"]
[Date "2021.06.17"]
[Round "2"]
[White "Banawa, Jouaquin"]
[Black "Javakhadze, Zurab"]
[Result "0-1"]
[WhiteElo "2237"]
[BlackElo "2462"]
[PlyCount "84"]
[EventDate "2021.06.16"]
[EventType "swiss"]
[EventRounds "9"]
[EventCountry "USA"]
[SourceTitle "CBM 203 Extra"]
[Source "ChessBase"]
[SourceDate "2021.09.30"]
[SourceVersion "1"]
[SourceVersionDate "2021.09.30"]
[SourceQuality "1"]

1. d4 d5 2. c4 e6 3. Nf3 a6 4. g3 dxc4 5. a4 Nc6 6. Bg2 Nf6 7. 0-0 Rb8 8. e3 Be7 9. Nfd2 e5 10. Bxc6+ bxc6 11. dxe5 Ng4 12. Nxc4 Qd5 13. Nbd2 Nxe5 14. e4 Qe6 15. Qc2 0-0 16. b3 Ng4 17. Ba3 Qh6 18. Nf3 c5 19. Bc1 Qh5 20. h4 Bb7 21. Bg5 f6 22. Bf4 f5 23. Ncd2 fxe4 24. Nxe4 Rxf4 25. gxf4 Nf6 26. Nxf6+ Bxf6 27. Nh2 Bxa1 28. Rxa1 Rf8 29. Rd1 Qxh4 30. Qc4+ Kh8 31. Qxc5 Qxf4 32. Qe3 Qf5 33. Rc1 Qd5 34. f3 Qd6 35. Rc3 Qg3+ 36. Kh1 h6 37. Rd3 Rf5 38. Rd8+ Kh7 39. Qd3 Bxf3+ 40. Nxf3 Qxf3+ 41. Qxf3 Rxf3 42. Rb8 c5 0-1

[Event "Saint Louis SPICE Cup op 9th"]
[Site "Saint Louis"]
[Date "2015.10.18"]
[Round "2"]
[White "Banawa, Jouaquin"]
[Black "Leon Hoyos, Manuel"]
[Result "0-1"]
[WhiteElo "2268"]
[BlackElo "2503"]
[PlyCount "106"]
[EventDate "2015.10.17"]
[EventType "swiss"]
[EventRounds "9"]
[EventCountry "USA"]
[SourceTitle "CBM 168 Extra"]
[Source "ChessBase"]
[SourceDate "2015.10.29"]
[SourceVersion "1"]
[SourceVersionDate "2015.10.29"]
[SourceQuality "1"]

1. d4 Nf6 2. c4 c5 3. d5 b5 4. cxb5 a6 5. bxa6 g6 6. Nc3 Bxa6 7. Nf3 d6 8. e4 Bxf1 9. Kxf1 Bg7 10. g3 Nbd7 11. Kg2 0-0 12. a4 Qa5 13. Bd2 Qa6 14. Re1 Ng4 15. Nb5 Qb7 16. h3 Ngf6 17. Bc3 Ra6 18. Nd2 e6 19. Nc4 exd5 20. exd5 Nxd5 21. Qf3 Qa8 22. Bxg7 Kxg7 23. Ncxd6 N7f6 24. b3 Rd8 25. Nc4 Nh5 26. Kg1 Rf6 27. Qg2 Rf5 28. Re5 Rxe5 29. Nxe5 Qc8 30. Re1 Nhf6 31. h4 Qf5 32. Qf3 Qc2 33. g4 Qd2 34. Rd1 Qb2 35. Nc6 Rc8 36. Nca7 Re8 37. g5 Re6 38. Rxd5 Nxd5 39. Qxd5 Qc1+ 40. Kg2 Qf4 41. Qc4 Qf5 42. Qc3+ Kg8 43. Qf3 Qe5 44. Nc3 Qd4 45. Qg3 Qb4 46. Nab5 Qxb3 47. Nc7 Re1 48. N7d5 Qc4 49. Kh2 Kg7 50. Ne3 Qe6 51. Ncd5 Qe4 52. Qc7 Rh1+ 53. Kg3 Rg1+ 0-1

[Event "Pan American Intercollegiate-chT"]
[Site "South Padre Island"]
[Date "2014.12.28"]
[Round "3.2"]
[White "Berczes, David"]
[Black "Banawa, Jouaquin"]
[Result "1-0"]
[WhiteElo "2506"]
[BlackElo "2296"]
[PlyCount "123"]
[EventDate "2014.12.27"]
[EventType "team-swiss"]
[EventRounds "6"]
[EventCountry "USA"]
[SourceTitle "CBM 164 Extra"]
[Source "ChessBase"]
[SourceDate "2015.03.02"]
[SourceVersion "1"]
[SourceVersionDate "2015.03.02"]
[SourceQuality "1"]
[WhiteTeam "Dallas UT"]
[BlackTeam "WEBST III"]
[WhiteTeamCountry "USA"]
[BlackTeamCountry "USA"]

1. d4 Nf6 2. c4 e6 3. Nf3 Bb4+ 4. Nbd2 b6 5. a3 Bxd2+ 6. Qxd2 Bb7 7. e3 0-0 8. Be2 d6 9. 0-0 Nbd7 10. b4 Ne4 11. Qc2 f5 12. Bb2 Qe7 13. Rad1 a5 14. Ne1 axb4 15. axb4 Ra2 16. Nd3 Rfa8 17. Ra1 Rxa1 18. Rxa1 Rxa1+ 19. Bxa1 Qe8 20. d5 Qa8 21. Bb2 e5 22. f3 Nef6 23. Nf2 Qa2 24. Nd1 g6 25. Nc3 Qa8 26. Bd1 Kf7 27. Qa4 Ke7 28. Qxa8 Bxa8 29. Ba4 Nb8 30. e4 fxe4 31. fxe4 c6 32. Bc2 b5 33. dxc6 Nxc6 34. cxb5 Nd4 35. Bd3 Bb7 36. Bc1 Bxe4 37. Bxe4 Nxe4 38. Nxe4 Ne2+ 39. Kf1 Nxc1 40. b6 Kd7 41. b7 Kc7 42. Nxd6 Nd3 43. b5 Nc5 44. b6+ Kb8 45. Ke2 Nd7 46. Ke3 Nxb6 47. Ke4 Nd7 48. h3 Kc7 49. Kd5 e4 50. Nxe4 Kxb7 51. Ke6 Kc7 52. Nf6 Nc5+ 53. Kf7 Nd3 54. g3 Ne5+ 55. Ke6 Nd3 56. Nxh7 Nf2 57. Ng5 Nh1 58. Ne4 Kc6 59. h4 Kc7 60. g4 Kd8 61. Kf7 Kd7 62. h5 1-0

[Event "Pan American Intercollegiate-chT"]
[Site "Lubbock"]
[Date "2013.12.28"]
[Round "2.2"]
[White "Banawa, Jouaquin"]
[Black "Moradiabadi, Elshan"]
[Result "0-1"]
[WhiteElo "2301"]
[BlackElo "2571"]
[PlyCount "58"]
[EventDate "2013.12.27"]
[EventType "team-swiss"]
[EventRounds "6"]
[EventCountry "USA"]
[SourceTitle "CBM 158 Extra"]
[Source "ChessBase"]
[SourceDate "2014.02.28"]
[SourceVersion "1"]
[SourceVersionDate "2014.02.28"]
[SourceQuality "1"]
[WhiteTeam "Webster Univ III"]
[BlackTeam "Texas Tech"]
[WhiteTeamCountry "USA"]
[BlackTeamCountry "USA"]

1. d4 Nf6 2. c4 e6 3. Nc3 Bb4 4. Nf3 b6 5. Bg5 Bb7 6. Nd2 h6 7. Bh4 Nc6 8. d5 Ne5 9. e4 0-0 10. Bg3 d6 11. f4 Ned7 12. Qf3 exd5 13. cxd5 c6 14. dxc6 Bxc6 15. Bd3 Nc5 16. 0-0 d5 17. e5 d4 18. Qxc6 dxc3 19. exf6 Rc8 20. Qf3 cxb2 21. Rab1 Qxd3 22. Qg4 Qd4+ 23. Kh1 Qxf6 24. Nc4 Ne4 25. Ne5 Nd2 26. Nd7 Qg6 27. Qxg6 fxg6 28. Rxb2 Nxf1 29. Nxf8 Rc1 0-1

[Event "Saint Louis SPICE Cup op 7th"]
[Site "Saint Louis"]
[Date "2013.10.19"]
[Round "9"]
[White "Banawa, Jouaquin"]
[Black "Voelker, James R"]
[Result "1/2-1/2"]
[WhiteElo "2305"]
[BlackElo "2186"]
[PlyCount "93"]
[EventDate "2013.10.15"]
[EventType "swiss"]
[EventRounds "9"]
[EventCountry "USA"]
[SourceTitle "EXT 2014"]
[Source "ChessBase"]
[SourceDate "2013.11.20"]
[SourceVersion "1"]
[SourceVersionDate "2013.11.20"]
[SourceQuality "1"]

1. d4 Nf6 2. c4 e5 3. dxe5 Ng4 4. Nf3 Nc6 5. Bf4 Bb4+ 6. Nbd2 Qe7 7. e3 Ngxe5 8. Nxe5 Nxe5 9. Be2 d6 10. 0-0 a5 11. Nb3 a4 12. a3 Bc3 13. bxc3 axb3 14. Qxb3 0-0 15. Bxe5 Qxe5 16. Rfd1 b6 17. Bf3 Ra7 18. Bd5 Be6 19. Rd4 Ra5 20. Re1 Bxd5 21. Rxd5 Rxd5 22. cxd5 Ra8 23. Rd1 Ra5 24. Rd4 Qe8 25. g3 Qa8 26. a4 f6 27. e4 Kf7 28. Rc4 Qa7 29. Kg2 Qb8 30. h4 Qd8 31. Rc6 Ke7 32. Qc4 Kd7 33. f4 g6 34. h5 gxh5 35. e5 fxe5 36. fxe5 dxe5 37. Qe4 Qg8 38. Re6 h4 39. g4 h5 40. Kh1 Qxg4 41. Qh7+ Kc8 42. d6 Qf3+ 43. Kh2 Qf2+ 44. Kh1 Qf1+ 45. Kh2 Qf2+ 46. Kh1 Qf3+ 47. Kh2 1/2-1/2

[Event "Saint Louis SPICE Cup op 7th"]
[Site "Saint Louis"]
[Date "2013.10.18"]
[Round "7"]
[White "Diamant, Andre"]
[Black "Banawa, Jouaquin"]
[Result "1-0"]
[WhiteElo "2461"]
[BlackElo "2305"]
[PlyCount "70"]
[EventDate "2013.10.15"]
[EventType "swiss"]
[EventRounds "9"]
[EventCountry "USA"]
[SourceTitle "EXT 2014"]
[Source "ChessBase"]
[SourceDate "2013.11.20"]
[SourceVersion "1"]
[SourceVersionDate "2013.11.20"]
[SourceQuality "1"]

1. c4 e5 2. Nc3 Nf6 3. Nf3 Nc6 4. e3 Bb4 5. Qc2 0-0 6. a3 Be7 7. b4 d6 8. Bb2 Re8 9. Be2 Bf8 10. 0-0 Bg4 11. Nd5 e4 12. Nxf6+ gxf6 13. b5 exf3 14. gxf3 Bh3 15. bxc6 Bxf1 16. Rxf1 bxc6 17. Kh1 Bg7 18. Rg1 Kh8 19. Qf5 Re6 20. Bd3 Qg8 21. Qa5 Qd8 22. Qh5 Qg8 23. Bf5 Rb8 24. Bc3 Re5 25. f4 Rc5 26. d3 Rb3 27. Bd4 Ra5 28. Bxf6 Bxf6 29. Rxg8+ Kxg8 30. Bxh7+ Kh8 31. Qxa5 Kxh7 32. Qxc7 Kg7 33. Qxd6 Bb2 34. a4 a5 35. d4 Rb4 1-0

[Event "USA tt"]
[Site "ICC INT"]
[Date "2011.10.05"]
[Round "6"]
[White "Bartell, Thomas"]
[Black "Banawa, Jouaquin"]
[Result "1/2-1/2"]
[WhiteElo "2342"]
[BlackElo "2300"]
[PlyCount "55"]
[EventDate "2011.08.29"]
[EventType "team-tourn"]
[EventRounds "10"]
[EventCountry "USA"]
[SourceTitle "CBM 144 Extra"]
[Source "ChessBase"]
[SourceDate "2011.10.28"]
[SourceVersion "1"]
[SourceVersionDate "2011.10.28"]
[SourceQuality "1"]
[WhiteTeam "Philadelphia Inventors"]
[BlackTeam "St Louis"]
[WhiteTeamCountry "USA"]
[BlackTeamCountry "USA"]

1. Nf3 c5 2. c4 Nf6 3. d4 e6 4. Nc3 cxd4 5. Nxd4 Nc6 6. a3 d5 7. cxd5 Nxd5 8. Nxc6 bxc6 9. Qc2 Qa5 10. Bd2 Bb4 11. Rc1 Bxc3 12. Bxc3 Nxc3 13. Qxc3 Qxc3+ 14. Rxc3 Bd7 15. Kd2 Ke7 16. e3 Rhb8 17. Kc1 Rb6 18. Bd3 Rab8 19. b4 a5 20. bxa5 Rb2 21. Bc2 Ra2 22. Rd1 Rb5 23. a6 Ra1+ 24. Kd2 Rd5+ 25. Ke1 Raxd1+ 26. Bxd1 Ra5 27. Be2 Kd6 28. Rb3 1/2-1/2

[Event "Temecula op 27th"]
[Site "Temecula"]
[Date "2006.09.03"]
[Round "3"]
[White "Iotov, Valentin Dimitrov"]
[Black "Banawa, Jouaquin"]
[Result "1-0"]
[WhiteElo "2493"]
[BlackElo "2291"]
[PlyCount "65"]
[EventDate "2006.09.02"]
[EventType "swiss"]
[EventRounds "6"]
[EventCountry "USA"]
[SourceTitle "CBM 114 Extra"]
[Source "ChessBase"]
[SourceDate "2006.11.03"]
[SourceVersion "1"]
[SourceVersionDate "2006.11.03"]
[SourceQuality "1"]

1. d4 Nf6 2. c4 e6 3. Nc3 Bb4 4. e3 b6 5. Bd3 Bb7 6. Nf3 Ne4 7. 0-0 Bxc3 8. bxc3 f5 9. Ne1 0-0 10. f3 Ng5 11. a4 d6 12. a5 Nd7 13. a6 Bc8 14. e4 f4 15. h4 Nf7 16. Bxf4 Qxh4 17. g3 Qe7 18. Ng2 Ng5 19. Bd2 e5 20. Qe2 Ne6 21. f4 exd4 22. Nh4 dxc3 23. Nf5 Qf6 24. e5 dxe5 25. Bxc3 Nd4 26. Bxd4 exd4 27. Ne7+ Kf7 28. Rae1 Re8 29. Qh5+ Kf8 30. Ng6+ Qxg6 31. Bxg6 Rxe1 32. Rxe1 Nf6 33. Qd5 1-0

[Event "Pacific Southwest op 46th"]
[Site "Los Angeles"]
[Date "2006.07.04"]
[Round "6"]
[White "Banawa, Jouaquin"]
[Black "Peters, Jack"]
[Result "0-1"]
[WhiteElo "2291"]
[BlackElo "2440"]
[PlyCount "50"]
[EventDate "2006.07.01"]
[EventType "swiss"]
[EventRounds "7"]
[EventCountry "USA"]
[SourceTitle "CBM 113 Extra"]
[Source "ChessBase"]
[SourceDate "2006.09.14"]
[SourceVersion "1"]
[SourceVersionDate "2006.09.14"]
[SourceQuality "1"]

1. d4 Nf6 2. c4 g6 3. Nc3 Bg7 4. e4 d6 5. Nf3 0-0 6. Be2 e5 7. 0-0 Nc6 8. d5 Ne7 9. Ne1 Nd7 10. Be3 f5 11. f3 f4 12. Bf2 g5 13. Nb5 b6 14. b4 Nf6 15. c5 g4 16. cxd6 cxd6 17. Bh4 a6 18. Nc3 g3 19. hxg3 Ng6 20. gxf4 Nxh4 21. g3 Nh5 22. gxh4 Nxf4 23. Ng2 Bh3 24. Nxf4 exf4 25. Rc1 Qxh4 0-1

[Event "Santa Monica IBAR"]
[Site "Santa Monica"]
[Date "2005.02.26"]
[Round "7"]
[White "Georgiev, Vladimir"]
[Black "Banawa, Jouaquin"]
[Result "1-0"]
[WhiteElo "2517"]
[BlackElo "2319"]
[PlyCount "65"]
[EventDate "2005.02.23"]
[EventType "tourn"]
[EventRounds "9"]
[EventCountry "USA"]
[EventCategory "8"]
[SourceTitle "CBM 105 Extra"]
[Source "ChessBase"]
[SourceDate "2005.05.01"]
[SourceVersion "1"]
[SourceVersionDate "2005.05.01"]
[SourceQuality "1"]

1. d4 Nf6 2. Bg5 Ne4 3. Bf4 d5 4. e3 g6 5. Nf3 Bg7 6. c4 c6 7. Nc3 0-0 8. Qb3 Qa5 9. Be2 g5 10. Bg3 h6 11. cxd5 Nxc3 12. Qxc3 Qxd5 13. Bc4 Qf5 14. Bd3 Qd5 15. Bc4 Qf5 16. 0-0 c5 17. Bd3 cxd4 18. exd4 Qd5 19. Rfe1 Nc6 20. Be4 Qd8 21. Rad1 Bg4 22. Qa3 Bxf3 23. Bxf3 Bxd4 24. Qa4 e5 25. Bxc6 bxc6 26. Bxe5 c5 27. Bxd4 cxd4 28. h4 Re8 29. Rxe8+ Qxe8 30. Qxd4 Qe6 31. hxg5 hxg5 32. Qc5 f6 33. Rd6 1-0

[Event "Ileto Memorial 05th"]
[Site "Monterey Park"]
[Date "2003.12.14"]
[Round "4"]
[White "Ruge, Edison"]
[Black "Banawa, Jouaquin"]
[Result "0-1"]
[WhiteElo "2265"]
[BlackElo "2310"]
[PlyCount "74"]
[EventDate "2003.12.13"]
[EventType "swiss"]
[EventRounds "5"]
[EventCountry "USA"]
[SourceTitle "EXT 2014"]
[Source "ChessBase"]
[SourceDate "2013.11.20"]
[SourceVersion "1"]
[SourceVersionDate "2013.11.20"]
[SourceQuality "1"]

1. e4 c5 2. Nf3 Nc6 3. d3 g6 4. g3 Bg7 5. Bg2 e6 6. 0-0 Nge7 7. Nbd2 0-0 8. Re1 d6 9. Nb3 e5 10. c3 f5 11. exf5 Nxf5 12. Ng5 Nce7 13. f4 h6 14. Nh3 Qb6 15. Kh1 Be6 16. Nd2 Nd5 17. Nf3 Qc7 18. Qe2 Rae8 19. g4 Nfe7 20. c4 Nb4 21. Nh4 Nbc6 22. Be4 Qd7 23. Rg1 exf4 24. Bxf4 g5 25. Bxg5 hxg5 26. Nxg5 Nd4 27. Qg2 Be5 28. Qh3 Rf2 29. Nhf3 Nxf3 30. Qh7+ Kf8 31. Qh6+ Bg7 32. Nh7+ Kg8 33. Nf6+ Bxf6 34. Rg2 Rxg2 35. Kxg2 Ng5 36. Qxf6 Nxe4 37. dxe4 Bf7 0-1